Memorias del Curso sobre Prevención y Protección del Patrimonio Cultural Iberoamericano de los efectos del biodeterioro ambiental (Registro nro. 376595)
[ vista simple ]
| 001 - NÚMERO DE CONTROL | |
|---|---|
| campo de control | 969725 |
| 005 - FECHA Y HORA DE LA ÚLTIMA TRANSACCIÓN | |
| campo de control | 20260506160041.0 |
| 008 - DATOS DE LONGITUD FIJA--INFORMACIÓN GENERAL | |
| campo de control de longitud fija | 060404s2002 spa |
| 020 ## - NÚMERO INTERNACIONAL ESTÁNDAR DEL LIBRO | |
| Número Internacional Estándar del Libro | 9583337781 |
| 035 ## - NÚMERO DE CONTROL DEL SISTEMA | |
| Número de control de sistema | 969725 |
| 035 ## - NÚMERO DE CONTROL DEL SISTEMA | |
| Número de control de sistema | (OCoLC)777918595 |
| 040 ## - FUENTE DE LA CATALOGACIÓN | |
| Centro/agencia transcriptor | comduadb |
| 041 ## - CÓDIGO DE LENGUA | |
| Código de lengua del texto/banda sonora o título independiente | spa |
| 050 #4 - SIGNATURA TOPOGRÁFICA DE LA BIBLIOTECA DEL CONGRESO | |
| Número de clasificación | NA |
| 080 ## - NÚMERO DE LA CLASIFICACIÓN DECIMAL UNIVERSAL | |
| Número de la Clasificación Decimal Universal | BF |
| 082 #4 - NÚMERO DE LA CLASIFICACIÓN DECIMAL DEWEY | |
| Número de clasificación | 620 |
| 100 10 - ENTRADA PRINCIPAL--NOMBRE DE PERSONA | |
| Nombre de persona | Videla, Héctor A. |
| Código de función | edt |
| Término indicativo de función/relación | Editor/a |
| 9 (RLIN) | 384196 |
| 245 10 - MENCIÓN DE TÍTULO | |
| Título | Memorias del Curso sobre Prevención y Protección del Patrimonio Cultural Iberoamericano de los efectos del biodeterioro ambiental |
| 260 ## - PUBLICACIÓN, DISTRIBUCIÓN, ETC. | |
| Lugar de publicación, distribución, etc. | Medellín : |
| Nombre del editor, distribuidor, etc. | Programa Iberoamericano de Ciencias y Tecnología para el desarrollo CYTED, |
| Fecha de publicación, distribución, etc. | 2002. |
| 300 ## - DESCRIPCIÓN FÍSICA | |
| Extensión | 184 páginas : |
| Otras características físicas | ilustraciones |
| 650 ## - PUNTO DE ACCESO ADICIONAL DE MATERIA--TÉRMINO DE MATERIA | |
| Término de materia o nombre geográfico como elemento de entrada | Biodeterioro de materiales |
| 9 (RLIN) | 153000 |
| 650 ## - PUNTO DE ACCESO ADICIONAL DE MATERIA--TÉRMINO DE MATERIA | |
| Término de materia o nombre geográfico como elemento de entrada | Biocorrosión |
| 9 (RLIN) | 126780 |
| 650 ## - PUNTO DE ACCESO ADICIONAL DE MATERIA--TÉRMINO DE MATERIA | |
| Término de materia o nombre geográfico como elemento de entrada | Corrosión atmosférica |
| 9 (RLIN) | 8844 |
| 650 ## - PUNTO DE ACCESO ADICIONAL DE MATERIA--TÉRMINO DE MATERIA | |
| Término de materia o nombre geográfico como elemento de entrada | Protección contra la corrosión |
| 9 (RLIN) | 174782 |
| 650 #7 - PUNTO DE ACCESO ADICIONAL DE MATERIA--TÉRMINO DE MATERIA | |
| Término de materia o nombre geográfico como elemento de entrada | Protección del patrimonio cultural |
| Fuente del encabezamiento o término | lemb |
| 9 (RLIN) | 46103 |
| 650 ## - PUNTO DE ACCESO ADICIONAL DE MATERIA--TÉRMINO DE MATERIA | |
| Término de materia o nombre geográfico como elemento de entrada | Patrimonio cultural - Recuperación |
| 9 (RLIN) | 75259 |
| 650 #7 - PUNTO DE ACCESO ADICIONAL DE MATERIA--TÉRMINO DE MATERIA | |
| Término de materia o nombre geográfico como elemento de entrada | Conservación de la madera |
| Fuente del encabezamiento o término | lemb |
| 9 (RLIN) | 33436 |
| 650 #7 - PUNTO DE ACCESO ADICIONAL DE MATERIA--TÉRMINO DE MATERIA | |
| Término de materia o nombre geográfico como elemento de entrada | Contaminantes |
| Fuente del encabezamiento o término | embne |
| 9 (RLIN) | 78038 |
| 700 10 - ENTRADA AGREGADA--NOMBRE PERSONAL | |
| Nombre de persona | Herrera Quintero, Liz Karen |
| Código de función | edt |
| Término indicativo de función/relación | Editor/a |
| 9 (RLIN) | 364679 |
| 700 10 - ENTRADA AGREGADA--NOMBRE PERSONAL | |
| Nombre de persona | Curso sobre Prevención y Protección del Patrimonio Cultural Iberoamericano de los Efectos del Biodeterioro Ambiental, CPPP |
| Código de función | aut |
| Término indicativo de función/relación | Autor/a |
| 9 (RLIN) | 549977 |
| 942 ## - ELEMENTOS DE ENTRADA AGREGADA (KOHA) | |
| Tipo de ítem Koha | Libros |
| Estado de retiro | Estado de pérdida | Fuente del sistema de clasificación o colocación | Estado dañado | No para préstamo | Código de colección | Localización permanente | Ubicación/localización actual | Fecha de adquisición | Fuente de adquisición | Forma de adquisición | Coste, precio normal de compra | Número de inventario | Total de préstamos | Signatura topográfica completa | Código de barras | Fecha visto por última vez | Número de copia | Precio válido a partir de | Tipo de ítem Koha |
|---|---|---|---|---|---|---|---|---|---|---|---|---|---|---|---|---|---|---|---|
| Clasificación Decimal Dewey | Colección General | Biblioteca Campus El Carmen de Viboral | Biblioteca Campus El Carmen de Viboral | 06/08/2014 | Material adquirido por donación | Donación | 15000.00 | C1209450 | 620.112 M533 | 0996408 | 26/04/2023 | 1 | 26/04/2023 | Libros | |||||
| Retirado de Circulación | No para préstamo | Colección General Piso 2 | Biblioteca Carlos Gaviria Díaz, Campus Medellín | Biblioteca Carlos Gaviria Díaz, Campus Medellín | 04/03/2011 | Material adquirido por donación | C1110446 | 620.112 M533 e2 | 0751521 | 26/04/2023 | 2 | 26/04/2023 | Libros - Reserva | ||||||
| Colección General Piso 2 | Biblioteca Carlos Gaviria Díaz, Campus Medellín | Biblioteca Carlos Gaviria Díaz, Campus Medellín | 30/08/2006 | Material adquirido por donación | C917925 | 620.112 M533 | 0570284 | 26/04/2023 | 3 | 26/04/2023 | Libros | ||||||||
| Colección General | Centro Documentación Ingeniería (Bl. 20-146) | Centro Documentación Ingeniería (Bl. 20-146) | 04/04/2006 | C900800 | BF 06930 | 0627627 | 29/01/2025 | 1 | 26/04/2023 | Libros | |||||||||
| Colección General | Centro Documentación de Artes (Bl. 25-101) | Centro Documentación de Artes (Bl. 25-101) | 07/03/2011 | C1110539 | NA109.C6/C87 e2 | 0609982 | 26/04/2023 | 5 | 26/04/2023 | Libros | |||||||||
| Colección General | Centro Documentación de Artes (Bl. 25-101) | Centro Documentación de Artes (Bl. 25-101) | 07/03/2011 | C1110542 | NA109.C6/C87 | 0609981 | 26/04/2023 | 6 | 26/04/2023 | Libros |